東京港(竹芝)から出ている行き先 - Statistics

General Stats
  • This quiz has been taken 62 times
  • The average score is 8 of 12
Answer Stats
埠頭 寄港地 % Correct
竹芝 父島
95%
竹芝 八丈島
89%
竹芝 大島
89%
竹芝 三宅島
79%
竹芝 御蔵島
73%
竹芝 神津島
73%
竹芝 新島
71%
竹芝 利島
66%
東京 徳島
54%
東京 新門司
43%
竹芝 式根島
41%
竹芝 横浜大さん橋
30%
No matching quizzes found
Score Distribution
Percent of People with Each Score
Percentile by Number Answered
Your Score History
You have not taken this quiz